| 000 | 00458nam a22001577a 4500 | ||
|---|---|---|---|
| 005 | 20231030095913.0 | ||
| 008 | 231030b |||||||| |||| 00| 0 eng d | ||
| 041 | _aEnglish | ||
| 082 | _a347.7 CRO | ||
| 100 |
_aDe Meyer, O and Moyses, B _lEnglish |
||
| 245 |
_aCross-Examination and Sentencing / _cO De Meyer and B Moyses |
||
| 260 | _c2009 | ||
| 300 |
_b297 pages ; _c30 cm. |
||
| 650 |
_alegal practice _bLaw |
||
| 942 |
_cBK _6ALISON_BN_VRIES |
||
| 999 |
_c134 _d134 |
||